000 00461nam a2200193Ia 4500
005 20240823031533.0
008 240823s9999||||xx |||||||||||||| ||und||
041 _aENGLISH
082 _A621 P8
100 _aPurushothama Raj P
245 0 _aBasic civil & Mechanical Engineering
250 _a1st
260 _c2008
_bSri Krishna Publi
_aChennai
500 _aYES
650 _aCIVIL
_bCivil
700 _a Aldrin Raj J
942 _cBK
999 _c191308
_d191308